| 000 | 00777nam a2200265 i 4500 | ||
|---|---|---|---|
| 001 | 47477 | ||
| 003 | ES-MaACL | ||
| 005 | 20250804025301.0 | ||
| 007 | t| | ||
| 008 | 030428s2002 sp ||||1| spa d | ||
| 020 | _a84-8307-498-2 | ||
| 080 | _a929.731-055.2(460)"14/19" | ||
| 100 | 1 |
_aCalvo Poyato, José, _d1951- _933904 |
|
| 245 | 1 | 0 |
_aReinas viudas de España / _cJosé Calvo Poyato. |
| 250 | _a1ª ed. | ||
| 260 |
_aBarcelona : _bPenínsula, _c2002. |
||
| 300 |
_a279 p. : _bil. ; _c23 cm. |
||
| 490 | 1 |
_aAtalaya ; _v105 |
|
| 500 | _aIndice. | ||
| 504 | _aBibliografía: p. 269-272. | ||
| 651 | 7 |
_aEspaña- _xReinas- _vBiografías _2 _9146323 |
|
| 830 | 0 |
_aAtalaya ; _v105 _9180261 |
|
| 852 |
_aES-MaACL _jL-26241 _bR.132168 |
||
| 999 |
_c47477 _d47477 |
||